Cómo funcionan?
Kaydedildi:
| Müşterek Yazar: | |
|---|---|
| Materyal Türü: | Kitap |
| Dil: | İspanyolca |
| Baskı/Yayın Bilgisi: |
Barcelona
Planeta
1973
|
| Edisyon: | 3a. ed |
| Seri Bilgileri: | Enciclopedia Técnica Ilustrada
|
| Konular: | |
| Etiketler: |
Etiketle
Etiket eklenmemiş, İlk siz ekleyin!
|
MARC
| LEADER | 00000nam a2200000 a 4500 | ||
|---|---|---|---|
| 001 | UCT3532 | ||
| 003 | CL-VaPUC | ||
| 008 | 961024e19730900SP |||||||||||||||||spa|d | ||
| 082 | 0 | 4 | |a 603 |b BIB |2 21 |
| 110 | 2 | |a Bibliographisches Institut de Mannheim |e author |9 372463 | |
| 245 | 1 | 0 | |a Cómo funcionan? |
| 250 | |a 3a. ed | ||
| 300 | |a v | ||
| 942 | |c BK | ||
| 945 | |d 19961024 00:00:00 |a paguirre | ||
| 260 | |a Barcelona |b Planeta |c 1973 | ||
| 650 | 0 | |a Tecnología |9 256742 | |
| 650 | 0 | |a Enciclopedias |9 264135 | |
| 650 | 7 | |a INFORMACION TECNOLOGICA |2 CL-VaPUC |9 372464 | |
| 650 | 0 | |a Ciencia |9 255691 | |
| 583 | |a last modification |c 19961024 00:00:00 |k Rodrigo Vera | ||
| 490 | 0 | |a Enciclopedia Técnica Ilustrada | |
| 999 | |c 253146 |d 253144 | ||